Normal view
MARC view
- Hawthorne, Nathaniel,
Entry Personal Name
001 - CONTROL NUMBER
- control field: 6288
003 - CONTROL NUMBER IDENTIFIER
- control field: NUST
005 - DATE AND TIME OF LATEST TRANSACTION
- control field: 20171109150613.0
008 - FIXED-LENGTH DATA ELEMENTS
- fixed length control field: 171109|| aca||aabn | a|a d
040 ## - CATALOGING SOURCE
- Original cataloging agency: NUST
- Transcribing agency: NUST
100 ## - HEADING--PERSONAL NAME
- Personal name: Hawthorne, Nathaniel,
- Dates associated with a name: 1804-1864.
- Title of a work: Scarlet letter.
670 ## - SOURCE DATA FOUND
- Source citation: Work cat.: (NUST)0: Nathaniel Hawthorne The scarlet letter /, 2000
